Vybrané problémy financovania stredných škôl diplomová práca

Guardado en:
Detalles Bibliográficos
Autor principal: Mišenková, Gabriela
Autor Corporativo: Národohospodárska fakulta EU. Katedra financií
Otros Autores: Beňová, Elena
Formato: Libro
Lenguaje:eslovaco
Publicado: Bratislava 2010
Etiquetas: Agregar Etiqueta
Sin Etiquetas, Sea el primero en etiquetar este registro!

MARC

LEADER 00000nam$a2200000$$$4500
001 0118991
005 20240318123810.4
041 0 |a slo 
044 |a SK 
245 1 0 |a Vybrané problémy financovania stredných škôl  |b diplomová práca  |c Gabriela Mišenková ; škol. Elena Beňová 
264 1 |a Bratislava  |c 2010 
300 |a 68 s. 
100 1 |a Mišenková, Gabriela 
700 1 |a Beňová, Elena 
710 2 |a Národohospodárska fakulta EU. Katedra financií